| 000 | 01435nam a2200373 c 4500 | ||
|---|---|---|---|
| 001 | 58893 | ||
| 003 | CO-BoRNBP | ||
| 005 | 20250828222709.0 | ||
| 007 | ta | ||
| 008 | 210823s2017 ck abd er 000 0dspa d | ||
| 020 | _a9789588991610 | ||
| 040 |
_aCO-BoRNBP _bspa _erda _cCO-BoRNBP |
||
| 041 | 0 | _aspa | |
| 082 | 0 | 4 |
_a354.39 _bV14m _222 |
| 100 |
_aValencia Agudelo, León, _d1955- _eaut _962928 |
||
| 245 | 1 | 0 |
_aMinería en el posconflicto : _bun asunto de quilates / _cLeón Valencia Agudelo ; coordinador Alexander Riaño ; investigadores Sara Catalina Guío, Natalia F. Múnera Parra y Óscar Iván Pérez. |
| 250 | _aPrimera edición | ||
| 264 | 1 |
_aBogotá, Colombia : _bGrupo Zeta, _c2017 |
|
| 300 |
_a340 páginas : _bilustraciones, diagramas y mapas |
||
| 336 |
_atexto _btxt _2rdacontent |
||
| 337 |
_asin mediación _bn _2rdamedia |
||
| 338 |
_avolumen _bnc _2rdacarrier |
||
| 521 | _aRecomendado para un público adulto | ||
| 545 | _aIncluye datos biográficos de los autores en la solapa | ||
| 650 | 0 | 7 |
_aIndustria minera _2lemb _964318 |
| 650 | 0 | 7 |
_aLuchas sociales _2LEMB _919790 |
| 650 | 0 | 7 |
_aMinas _xDirección y administración _2lemb _964319 |
| 700 |
_aGuío, Sara Catalina _ertv _964320 |
||
| 700 |
_aMúnera Parra, Natalia F. _ertv _964321 |
||
| 700 |
_aPérez, Óscar Iván _ertv _964322 |
||
| 700 |
_aRiaño, Alexander _etdc _964323 |
||
| 710 | 2 |
_aFundación Paz y Reconciliación - PARES _964324 |
|
| 942 |
_2ddc _cBK |
||
| 999 |
_c58893 _d58893 |
||